[Event "Santo Domingo Provincial-ch"]
[Site "Santo Domingo"]
[Date "2018.11.30"]
[Round "4"]
[White "Polanco Rincon, Romer Alexander"]
[Black "Gomez Almanzar, Roberto"]
[Result "1/2-1/2"]
[WhiteElo "1759"]
[BlackElo "1861"]
[PlyCount "33"]
[EventDate "2018.11.23"]
[EventType "swiss"]
[EventRounds "7"]
[EventCountry "DOM"]
[SourceTitle "CBM 187 Extra"]
[Source "ChessBase"]
[SourceDate "2018.11.04"]
[SourceVersion "1"]
[SourceVersionDate "2018.11.04"]
[SourceQuality "1"]

1. d4 Nf6 2. Bf4 g6 3. h3 Bg7 4. Nf3 0-0 5. e3 d6 6. Be2 b6 7. Nbd2 c5 8. c3 Bb7 9. 0-0 Nbd7 10. a4 a6 11. Qb3 Re8 12. Ng5 Rf8 13. Nc4 h6 14. Nf3 Re8 15. dxc5 dxc5 16. Rfd1 Bd5 17. Nfe5 1/2-1/2

[Event "Santo Domingo Provincial-ch"]
[Site "Santo Domingo"]
[Date "2018.11.24"]
[Round "2"]
[White "Polanco Rincon, Romer Alexander"]
[Black "Felipe Tapia, Jolbert Saul"]
[Result "1-0"]
[WhiteElo "1759"]
[BlackElo "1499"]
[PlyCount "73"]
[EventDate "2018.11.23"]
[EventType "swiss"]
[EventRounds "7"]
[EventCountry "DOM"]
[SourceTitle "CBM 187 Extra"]
[Source "ChessBase"]
[SourceDate "2018.11.04"]
[SourceVersion "1"]
[SourceVersionDate "2018.11.04"]
[SourceQuality "1"]

1. d4 Nf6 2. Nf3 g6 3. Bf4 Bg7 4. h3 0-0 5. e3 d6 6. Nbd2 Nbd7 7. Bd3 Re8 8. 0-0 e5 9. dxe5 dxe5 10. Bg5 h6 11. Bxf6 Nxf6 12. Bc4 Qd6 13. Qe2 Be6 14. Rfd1 Qb6 15. Bxe6 Qxe6 16. Qb5 Qd5 17. Qxd5 Nxd5 18. c3 Nb6 19. a4 a5 20. Ne4 Nc4 21. b3 Nd6 22. Nxd6 cxd6 23. Rxd6 Red8 24. Rad1 Rdc8 25. c4 Rab8 26. R1d5 e4 27. Ne5 Bxe5 28. Rxe5 Rc6 29. Rd7 b6 30. Rxe4 Re6 31. Rxe6 fxe6 32. Kh2 Kf8 33. Kg3 Rc8 34. Rd6 Rb8 35. Rxe6 Kf7 36. Rd6 Rb7 37. f4 1-0